[Event "Montreal Mercredi 10"]
[Site "Montreal"]
[Date "2013.10.09"]
[Round "2"]
[White "Lebeau, Gilbert"]
[Black "Cardin, Guillaume"]
[Result "1/2-1/2"]
[WhiteElo "2023"]
[BlackElo "2061"]
[PlyCount "117"]
[EventDate "2013.10.02"]
[EventType "swiss"]
[EventRounds "5"]
[EventCountry "CAN"]
[SourceTitle "EXT 2022"]
[Source "ChessBase"]
[SourceDate "2021.10.06"]
[SourceVersion "1"]
[SourceVersionDate "2021.10.06"]
[SourceQuality "1"]

1. d4 f5 2. Nc3 Nf6 3. Bg5 d5 4. Bxf6 exf6 5. e3 Be6 6. Bd3 Nc6 7. a3 g6 8. h4 h5 9. Qf3 Qd7 10. Nh3 0-0-0 11. Nf4 Bf7 12. 0-0-0 Kb8 13. Qe2 Bh6 14. g3 Rhe8 15. Bb5 Qd6 16. Rhe1 Re7 17. Bxc6 Qxc6 18. Qb5 Qxb5 19. Nxb5 c6 20. Nc3 Rde8 21. Nd3 b6 22. b4 Rc7 23. Kb2 Bf8 24. Na4 Rec8 25. Rb1 Ka8 26. Nc3 a6 27. Rec1 Ka7 28. Na4 Be8 29. Nc3 Bf7 30. Na4 Bd6 31. Kb3 Be8 32. Ka2 c5 33. Nxb6 Kxb6 34. bxc5+ Ka5 35. Rb2 Be7 36. Rcb1 Bb5 37. Nb4 g5 38. Ka1 Bc4 39. Na2 Bxa2 40. Kxa2 gxh4 41. gxh4 f4 42. Rb6 fxe3 43. fxe3 Rc6 44. Rb7 Bxc5 45. dxc5 Rxc5 46. Rh7 Rxc2+ 47. Rb2 Rxb2+ 48. Kxb2 Rb8+ 49. Kc3 Ka4 50. Rxh5 Rb3+ 51. Kd4 Kxa3 52. Rh6 a5 53. h5 a4 54. Rxf6 Rb4+ 55. Kc5 Re4 56. Kxd5 Rxe3 57. h6 Rh3 58. Rb6 Ka2 59. Ke5 1/2-1/2

[Event "Quebec op"]
[Site "Montreal"]
[Date "2013.07.23"]
[Round "4"]
[White "Cardin, Guillaume"]
[Black "Fu, James"]
[Result "1-0"]
[WhiteElo "2050"]
[BlackElo "2257"]
[PlyCount "81"]
[EventDate "2013.07.21"]
[EventType "swiss"]
[EventRounds "9"]
[EventCountry "CAN"]
[SourceTitle "EXT 2022"]
[Source "ChessBase"]
[SourceDate "2021.10.06"]
[SourceVersion "1"]
[SourceVersionDate "2021.10.06"]
[SourceQuality "1"]

1. d4 Nc6 2. Nf3 d6 3. c4 g6 4. e4 Bg7 5. Be2 Nf6 6. Nc3 0-0 7. 0-0 e5 8. d5 Ne7 9. Ne1 h6 10. Be3 a6 11. Nd3 Kh7 12. c5 Nd7 13. Rc1 f5 14. f3 Nf6 15. b4 Bd7 16. Nb2 Nh5 17. a4 Ng8 18. cxd6 cxd6 19. Nc4 f4 20. Bb6 Qe7 21. Bc7 Bxa4 22. Nxa4 Qxc7 23. Ncb6 Qe7 24. Nxa8 Rxa8 25. Qc2 Ng3 26. Rfe1 b5 27. Nb6 Rb8 28. Nc8 Rxc8 29. Qxc8 Qa7+ 30. Rc5 Nxe2+ 31. Rxe2 dxc5 32. Qxc5 Qd7 33. Ra2 Qb7 34. d6 Kh8 35. Qc7 Qa8 36. Rc2 Bf6 37. d7 Qd8 38. Qxd8 Bxd8 39. Rc8 Bb6+ 40. Kf1 Kg7 41. Rb8 1-0

[Event "Montreal Mercredi 05"]
[Site "Montreal"]
[Date "2013.06.12"]
[Round "5"]
[White "Heredia, Jose"]
[Black "Cardin, Guillaume"]
[Result "1/2-1/2"]
[WhiteElo "1890"]
[BlackElo "2053"]
[PlyCount "82"]
[EventDate "2013.05.15"]
[EventType "swiss"]
[EventRounds "5"]
[EventCountry "CAN"]
[SourceTitle "EXT 2014"]
[Source "ChessBase"]
[SourceDate "2013.11.20"]
[SourceVersion "1"]
[SourceVersionDate "2013.11.20"]
[SourceQuality "1"]

1. e4 d5 2. exd5 Qxd5 3. Nc3 Qd6 4. d4 Nf6 5. Nf3 c6 6. Be3 Bf5 7. Bd3 Bxd3 8. Qxd3 Nbd7 9. 0-0 e6 10. b4 Be7 11. Rab1 0-0 12. Ne2 e5 13. Qf5 e4 14. Ne5 g6 15. Qf4 Nd5 16. Qxe4 f5 17. Qf3 Nxe5 18. dxe5 Qxe5 19. Bd4 Qc7 20. Qb3 Bf6 21. Bxf6 Rxf6 22. c4 Nf4 23. Nxf4 Qxf4 24. c5+ Kf8 25. Qc3 Kf7 26. Rbd1 Re8 27. Rd7+ Re7 28. g3 Qe4 29. Rfd1 Qe6 30. R7d6 Qe5 31. Qc4+ Rfe6 32. Rd8 Kg7 33. R1d7 Qe1+ 34. Kg2 Qe4+ 35. Qxe4 Rxe4 36. Rxe7+ Rxe7 37. Rd4 Kf6 38. Rd6+ Re6 39. Rd7 Re7 40. Rd6+ Re6 41. Rd7 Re7 1/2-1/2

[Event "Montreal Mercredi 04"]
[Site "Montreal"]
[Date "2013.04.24"]
[Round "4"]
[White "Lopez Linares, Lizandro Fernando"]
[Black "Cardin, Guillaume"]
[Result "1-0"]
[WhiteElo "2061"]
[BlackElo "2077"]
[PlyCount "111"]
[EventDate "2013.04.03"]
[EventType "swiss"]
[EventRounds "5"]
[EventCountry "CAN"]
[SourceTitle "EXT 2014"]
[Source "ChessBase"]
[SourceDate "2013.11.20"]
[SourceVersion "1"]
[SourceVersionDate "2013.11.20"]
[SourceQuality "1"]

1. d4 Nf6 2. Nf3 g6 3. Bf4 Bg7 4. e3 d6 5. h3 0-0 6. Be2 c5 7. c3 Qb6 8. Qb3 Be6 9. Qa3 cxd4 10. exd4 Nd5 11. Bh2 Nd7 12. Nbd2 N7f6 13. 0-0 Nh5 14. Rfe1 Nhf4 15. Bf1 Bh6 16. g4 g5 17. Rac1 f5 18. c4 Nc7 19. Bxf4 gxf4 20. g5 Bg7 21. b4 a5 22. c5 dxc5 23. bxc5 Qc6 24. Rb1 Nd5 25. Bb5 Qc8 26. Bc4 Bf7 27. Qb3 e6 28. Bxd5 exd5 29. Qxb7 Rb8 30. Qxc8 Rfxc8 31. Rb6 Rxb6 32. cxb6 Rb8 33. Rb1 Be8 34. Kf1 Kf7 35. Ke2 Ke7 36. Kd3 Kd6 37. Ne5 Bxe5 38. dxe5+ Kxe5 39. Nf3+ Kd6 40. Kd4 Rb7 41. Ne5 Rb8 42. h4 Rb7 43. Nd3 f3 44. Ne5 Rb8 45. Nxf3 Rb7 46. Ne5 Rb8 47. b7 f4 48. a3 Kc7 49. Kxd5 Rxb7 50. Rxb7+ Kxb7 51. Nd3 Bc6+ 52. Ke5 f3 53. h5 Be8 54. Nf4 Kb6 55. g6 hxg6 56. h6 1-0